Statistics for Countries of North America by First Three Letters in 30 Seconds

Click here to take the quiz!

General Stats

  • This quiz has been taken 51 times
  • The average score is 17 of 23

Answers on the Map

Answers color-coded by a green-red scale on the quiz's map according to % correct below.
 

Answer Stats

Answer% Correct
Canada
100%
Mexico
100%
United States
100%
Belize
87%
Bahamas
84%
Cuba
84%
Honduras
84%
Jamaica
84%
Panama
84%
Guatemala
82%
El Salvador
76%
Dominican Republic
74%
Dominica
71%
Nicaragua
71%
Costa Rica
68%
Haiti
68%
Antigua and Barbuda
66%
Saint Kitts and Nevis
66%
Saint Lucia
66%
Saint Vincent and the Grenadines
66%
Trinidad and Tobago
53%
Barbados
50%
Grenada
47%

Score Distribution

Percentile by Number Answered

Percent of People with Each Score

Your Score History

You have not taken this quiz